Memorias de la cárcel = Memorias do cárcere /

Metáfora de la sociedad brasileña, representada en el espacio de las celdas de la cárcel. Su finalidad es expresar el deseo de libertad y dignidad humanas.

Enregistré dans:
Détails bibliographiques
Auteur principal: Santos, Nelson Pereira dos (realización)
Autres auteurs: Santos, Nelson Pereira dos (guión) (guión), Medeiros, José (fotógrafo) (fotógrafo), Soares, Antônio Luiz (fotógrafo) (fotógrafo), Medeiros, Ligia (vestuario) (vestuario), Camuyrano, Carlos Alberto (montaje) (montaje), Vareza, Carlos (actuación) (actuación), Pires, Glória (actuación) (actuación), Soares, Jofre (actuación) (actuación)
Format: Diapositive
Langue:portugais
Publié: Brasil : Luiz Carlos Barreto Produções Cinematográficas : Regina Filmes, 1984
Collection:(Grandes Directores)
Sujets:
Tags: Ajouter un tag
Pas de tags, Soyez le premier à ajouter un tag!

MARC

LEADER 00000ngm^a2200000^a^4500
001 000049376
005 20250521000000.0
009 20260526115259.399
037 |a Acervo ITESO - Biblioteca 
041 |a POR 
082 |a B 869.  |b SAN V.1 
100 |a Santos, Nelson Pereira dos  |e (realización) 
240 1 1 |a [Memorias de la cárcel] 
245 1 0 |a Memorias de la cárcel =  |b Memorias do cárcere /  |c Realización de N.P. dos Santos. 
264 1 |a Brasil :  |b Luiz Carlos Barreto Produções Cinematográficas :  |b Regina Filmes,  |c 1984 
264 2 |a México :  |b CONACULTA [distribución],  |c fecha no identificada 
300 |a 1 videocasete VHS (95 min.) :  |b color 
336 |a imagen móvil bidimensional  |b tdi  |2 rdacontenido 
337 |a video  |b v  |2 rdamedio 
338 |a videocasete  |b vf  |2 rdasoporte 
440 1 |a (Grandes Directores) 
500 |a Basado en: Memórias do cárcere, de Graciliano Ramos 
520 |a Metáfora de la sociedad brasileña, representada en el espacio de las celdas de la cárcel. Su finalidad es expresar el deseo de libertad y dignidad humanas. 
546 |a En portugués, con subtítulos en español 
586 |a Mejores Películas del Cine Brasileño: Encuesta de la Asociación Brasileña de Críticos de Cine – ABRACCINE (2016): 29ª 
649 |a XX 
650 |a Escritores en el Cine 
650 |a Escritores Brasileños -  |x Memorias -  |x Adaptaciones para Cine 
650 |a Presos Políticos en el Cine 
650 |a Presos Políticos Brasileños -  |x Memorias -  |x Adaptaciones para Cine 
650 |a Intelectuales y Estado -  |z Brasil -  |x Historia -  |y 1930-1954 
650 |a Intelectuales y Sociedad -  |z Brasil -  |x Historia -  |y 1930-1954 
650 |a Cine Social y Político 
650 |a Dramas Cinematográficos 
650 |a Cine Brasileño -  |y 1980-1989 
650 |a Cine Brasileño -  |y Siglo XX 
650 |a Memorias Brasileñas -  |x Adaptaciones para Cine 
650 |a Literatura Brasileña -  |y Siglo XX -  |x Adaptaciones para Cine 
650 |a Literatura y Cine 
650 |a Libertad 
650 |a Dignidad 
650 |a Cárceles y Centros de Readaptación Social en el Cine 
650 |a Cárceles y Centros de Readaptación Social -  |z Brasil -  |x Historia -  |y 1930-1954 
650 |a Represión -  |z Brasil -  |x Historia -  |y 1930-1954 
650 |a Dictadura -  |z Brasil -  |x Historia -  |y 1930-1954 
650 |a Política -  |z Brasil -  |x Historia -  |y 1930-1954 
650 |a Brasil -  |x Historia -  |y 1930-1954 -  |x Tema Principal 
650 |a Brasil -  |x Historia -  |y Siglo XX 
650 |a Ramos, Graciliano -  |x Tema Principal 
700 |a Santos, Nelson Pereira dos  |e (guión) 
700 |a Medeiros, José  |e (fotógrafo) 
700 |a Soares, Antônio Luiz  |e (fotógrafo) 
700 |a Medeiros, Ligia  |e (vestuario) 
700 |a Camuyrano, Carlos Alberto  |e (montaje) 
700 |a Vareza, Carlos  |e (actuación) 
700 |a Pires, Glória  |e (actuación) 
700 |a Soares, Jofre  |e (actuación) 
910 |a Fondo General 
920 |a Audiovisuales - Videocasetes 
940 |a Películas 
905 |a 301 
901 |a 0500003823  |b IT2  |c VIS  |u 20250521 
902 |a https://opac.biblio.iteso.mx/vufind/Record/000049376